Normal view
MARC view
- DE-COMP-42
Entry Topical Term
001 - CONTROL NUMBER
- control field: 124276
003 - CONTROL NUMBER IDENTIFIER
- control field: NUST
005 - DATE AND TIME OF LATEST TRANSACTION
- control field: 20240709155552.0
008 - FIXED-LENGTH DATA ELEMENTS
- fixed length control field: 240709|| aca||aabn | a|a d
040 ## - CATALOGING SOURCE
- Original cataloging agency: NUST
- Transcribing agency: NUST
150 ## - HEADING--TOPICAL TERM
- Topical term or geographic name entry element: DE-COMP-42
670 ## - SOURCE DATA FOUND
- Source citation: Work cat.: (NUST): NS JUNAID KHAN NS OMAR SIBGHAT NS SAAD RASHEED NS SHADAB ZAHRA 124274, PR-SOF-2364-JetLance - Realtime Balance Assessment using Pose Estimation and Computer Vision and Pose Estimation, 2024.
